Generic bifurcations for involutory area preserving maps

Αποθηκεύτηκε σε:
Λεπτομέρειες βιβλιογραφικής εγγραφής
Κύριος συγγραφέας: Rimmer, Russell J. 1948-
Μορφή: Βιβλίο
Γλώσσα:English
Δημοσίευση: Providence, R.I. : American Mathematical Society, 1983
Σειρά:Memoirs of the American Mathematical Society ; ; 272
Θέματα:
Ετικέτες: Προσθήκη ετικέτας
Δεν υπάρχουν, Καταχωρήστε ετικέτα πρώτοι!

MARC

LEADER 00000cam a2200000 i 4500
001 1/49549
008 941103s1983 eng d
020 |a 0821822721 
035 |l 10043636 
035 |a 1993 
040 |a GR-MY-UA  |b gre  |e aacr 
041 0 |a eng 
082 0 |a 514.74  |2 (19) 
100 1 |a Rimmer, Russell J.  |d 1948- 
245 1 0 |a Generic bifurcations for involutory area preserving maps /  |c Russell J. Rimmer 
260 |a Providence, R.I. :   |b American Mathematical Society,   |c 1983 
300 |a v, 165 p.;  |b ill.;  |c 25 cm 
490 1 |a Memoirs of the American Mathematical Society  |v ; 272 
504 |a Bibliography: p. 163-165 
650 0 0 |a Differentiable dynamical systems. 
650 0 0 |a Mappings (Mathematics) 
650 0 0 |a Bifurcation theory. 
650 0 0 |a Hamiltonian systems. 
830 0 |a Memoirs of the American Mathematical Society ;  |v ; 272 
852 |a INST  |b SAMOS  |e 19941103  |h 514.74 RIM  |p 005300007553  |q 005300007553  |t BK  |y 0 
909 |a Σ  |b 033571